|
|
|
|
| LEADER |
00000nab a2200000 a 4500 |
| 001 |
vtls000184599 |
| 003 |
SK-MaSNL |
| 005 |
20260304212638.0 |
| 008 |
250422c1984 xo 0 slo |
| 015 |
|
|
|a SNBRB19rr/mm-uuuuu
|
| 035 |
|
|
|a CL0194712
|
| 035 |
|
|
|a urn:nbn:sk:snk-ab9xjl
|
| 035 |
|
|
|a (urnnbn)urn:nbn:sk:snk:ar-a093l6
|
| 035 |
|
|
|a (uuid)755b8aea-a50f-4504-a1c2-7eacde8fba58
|
| 040 |
|
|
|a SNKBUCL
|b slo
|c SNKBUCL
|e AACR2
|
| 041 |
0 |
|
|a eng
|
| 044 |
|
|
|a xo
|c SK
|
| 080 |
|
|
|a 581.5
|2 1981
|
| 100 |
1 |
|
|a Bergerová, Anna
|4 aut
|9 956308
|
| 245 |
1 |
0 |
|a Indication of soil nitrogen by nitrophilous species though the metod of ecological profile
|c Anna Bergerová, Francois Romane
|
| 300 |
|
|
|b Tb. 2. Res. slov., rus., lit. 16 zázn. v angl., nem., franc.
|
| 650 |
0 |
7 |
|a rastliny
|2 snkbucl
|9 690
|
| 650 |
0 |
7 |
|a profil indikačný
|2 snkbucl
|9 1544840
|
| 650 |
0 |
7 |
|a profil ekologický
|2 snkbucl
|9 1544841
|
| 655 |
|
7 |
|a články z novín a časopisov
|2 snkbucl
|9 267496
|
| 700 |
1 |
|
|a Romane, Francois
|4 aut
|9 1544842
|
| 773 |
0 |
|
|t Ekológia
|g Č. 1 (1984), s. 35-43
|
| 850 |
|
|
|a Slovenská národná knižnica
|
| 852 |
|
|
|a Slovenská národná knižnica
|
| 958 |
|
|
|a article13
|
| 958 |
|
|
|a NB
|
| 958 |
|
|
|a RK
|
| 958 |
|
|
|a OND
|
| 958 |
|
|
|a EUIPO
|
| 992 |
|
|
|a RBX
|
| 999 |
|
|
|c 3132339
|d 3134269
|